000 00259nam a2200109Ia 4500
008 200302s9999 xx 000 0 und d
100 _aGeorges Binder
245 _aTaipei 101
260 _bThe Images Publishing Group Pty Ltd
260 _c2008
300 _a200 p
999 _c4880
_d4880